Sermón, en que se mide la santidad sin medida del príncipe de los apóstoles señor San Pedro

Detalles Bibliográficos
Autor principal: GUERRA, José ( Fray )
Formato: Libro
Publicado: México 1708
Materias:
Colección:Banco de datos
Acervo:Biblioteca del Ex Convento de Nuestra Señora de Guadalupe. Zacatecas
Tema general:Homilética
Notas:Buena. XIII,9,20 (4595). Encuadernado con diecinueve obras más
LEADER 00792nam a22001930004500
035 |a 46402 
036 |a 7586 
100 1 |a GUERRA, José ( Fray ) 
245 1 0 |a Sermón, en que se mide la santidad sin medida del príncipe de los apóstoles señor San Pedro 
260 |a México  |b ed. Miguel Rodríguez, imp. Francisco de Ribera Calderón  |c 1708 
500 |a Buena. XIII,9,20 (4595). Encuadernado con diecinueve obras más 
650 1 0 |a Homilética 
949 |a CRZ-CG 
959 |a Ex convento de Nuestra Señora de Guadalupe, Museo Regional de Zacatecas, Zacatecas  |b CCC4 
960 |a Convento de Nuestra Señora de Guadalupe, Zacatecas  |b DD87 
961 |a Franciscana  |b OF 
942 |c CRZ-CG 
943 |g Biblioteca del Ex Convento de Nuestra Señora de Guadalupe. Zacatecas 
999 |c 970529  |d 970529